000 00649nam a2200241Ia 4500
003 OSt
005 20220925220328.0
006 a|||||r|||| 00| 0
007 ta
008 220923b |||||||| |||| 00| 0 eng d
020 _a0 7121 1394 0
037 _cGeneral Book
040 _aRTL
_cRTL
_beng
041 _2eng
_aeng
082 _aX:51, L7
100 _aAllen Peter
_993285
245 0 _aMarketing techniques for analysis and control
260 _aLondon
_bMacdonald and Evans
_c1977
300 _ax,214p
_ccm.
650 _aMarketing
_915998
942 _hX:51, L7
_cGB
_2CC
999 _c571147
_d571147